COMESA peace and security newsletter (Record no. 79492)

MARC details
000 -LEADER
fixed length control field 01467nam a2200229 a 4500
008 - FIXED-LENGTH DATA ELEMENTS--GENERAL INFORMATION
fixed length control field 130717s2012 ||||||||||||||||| || u
050 ## - LIBRARY OF CONGRESS CALL NUMBER
Classification number COMESA(05)
110 ## - MAIN ENTRY--CORPORATE NAME
Corporate name or jurisdiction name as entry element Common Market for Eastern and Southern Africa (COMESA)
245 10 - TITLE STATEMENT
Title COMESA peace and security newsletter
Statement of responsibility, etc. by Common Market for Eastern and Southern Africa [COMESA]
246 ## -
-- A publication of the COMESA region civil society network on peace and security
260 ## - PUBLICATION, DISTRIBUTION, ETC.
Place of publication, distribution, etc. Lusaka:
Name of publisher, distributor, etc. Common Market for Eastern and Southern Africa (COMESA)
Date of publication, distribution, etc. 2012
300 ## - PHYSICAL DESCRIPTION
Extent 11p.: ill.
362 1# -
-- <p>2012</p>
490 ## -
-- Peace and Security Newsletter
650 ## - SUBJECT ADDED ENTRY--TOPICAL TERM
Topical term or geographic name entry element COMESA--PEACE AND SECURITY
650 ## - SUBJECT ADDED ENTRY--TOPICAL TERM
Topical term or geographic name entry element COMMON MARKET FOR EASTERN AND SOUTHERN AFRICA--NEWSLETTER
995 ## -
-- SPECIAL COLLECTIONS
-- 878
-- CBU-MAIN LIBRARY (Kitwe)
-- COMESA(05)PSNL/2012A
-- 1
-- AVAILABLE
-- Aug 7, 2013
-- B878
-- International Publications
995 ## -
-- SPECIAL COLLECTIONS
-- 879
-- CBU-MAIN LIBRARY (Kitwe)
-- COMESA(05)PSNL/2012B
-- 2
-- AVAILABLE
-- Aug 7, 2013
-- B879
-- International Publications
995 ## -
-- SPECIAL COLLECTIONS
-- 881
-- CBU-MAIN LIBRARY (Kitwe)
-- COMESA(05)PSNL/2012D
-- 4
-- AVAILABLE
-- Aug 7, 2013
-- B881
-- International Publications
995 ## -
-- SPECIAL COLLECTIONS
-- 882
-- CBU-MAIN LIBRARY (Kitwe)
-- COMESA(05)PSNL/2012E
-- 5
-- AVAILABLE
-- Aug 7, 2013
-- B882
-- International Publications
995 ## -
-- SPECIAL COLLECTIONS
-- 880
-- CBU-MAIN LIBRARY (Kitwe)
-- COMESA(05)PSNL/2012C
-- 3
-- AVAILABLE
-- Aug 7, 2013
-- B880
-- International Publications
999 ## -
-- 79492
-- 79492
Holdings
Withdrawn status Lost status Source of classification or shelving scheme Damaged status Not for loan Permanent Location Current Location Shelving location Date acquired Total Checkouts Full call number Barcode Date last seen Copy number Price effective from Koha item type
          CBU-MAIN LIBRARY, KITWE. CBU-MAIN LIBRARY, KITWE.   06/29/2023   COMESA(05)PSNL/2012A B878 06/29/2023 1 06/29/2023 SPECIAL COLLECTION
          CBU-MAIN LIBRARY, KITWE. CBU-MAIN LIBRARY, KITWE.   06/29/2023   COMESA(05)PSNL/2012B B879 06/29/2023 2 06/29/2023 SPECIAL COLLECTION
          CBU-MAIN LIBRARY, KITWE. CBU-MAIN LIBRARY, KITWE.   06/29/2023   COMESA(05)PSNL/2012D B881 06/29/2023 3 06/29/2023 SPECIAL COLLECTION
          CBU-MAIN LIBRARY, KITWE. CBU-MAIN LIBRARY, KITWE.   06/29/2023   COMESA(05)PSNL/2012E B882 06/29/2023 4 06/29/2023 SPECIAL COLLECTION
          CBU-MAIN LIBRARY, KITWE. CBU-MAIN LIBRARY, KITWE.   06/29/2023   COMESA(05)PSNL/2012C B880 06/29/2023 5 06/29/2023 SPECIAL COLLECTION